El pozo de las tinieblas / (Registro nro. 9251)

Detalles MARC
000 -LIDER
fixed length control field 00825nam a22002777a 4500
001 - NÚMERO DE CONTROL
Identificador de número de control 0173
003 - IDENTIFICACDOR DE NÚMERO DE CONTROL
control field DO-SdBNP
005 - DATE AND TIME OF LATEST TRANSACTION
control field 20230831091132.0
007 - CAMPOS FIJOS DE DESCRIPCIÓN FÍSICA
fixed length control field 0173
008 - ELEMENTOS DE LONGITUD FIJA
fixed length control field 151005b1989 sp 00| 0 spa d
020 ## - ISBN
International Standard Book Number 8477224064
020 ## - ISBN
International Standard Book Number 8477224056
040 ## - FUENTE DE CATALOGACIÓN
Agencia que crea de manera original el registro BPMSU
Idioma de catalogación spa
Agencia que realiza la transcripción BPMSU
082 #4 - NÚMERO DE CLASIFICACIÓN DECIMAL DE DEWEY
Classification number 813.5
Item number N696p 1989
Edition number 22
100 1# - ASIENTO PRINCIPAL -- NOMBRE PERSONAL
Nombre personal Niles, Douglas
Término de relación
245 13 - MENCIÓN DE TITULO
Título El pozo de las tinieblas /
Mención de responsabilidad Douglas Niles ; traducción José Ferrer Aleu
260 ## - PUBLICACIÓN, DISTRIBUCIÓN, ETC. (PIE DE IMPRENTA)
Lugar de publicación, distribución, etc Barcelona :
Nombre del editor, distribuidor, etc. Timun más,
Fecha de publicación, distribución, etc 1989.
300 ## - DESCRIPCIÓN FÍSICA
Extensión 437 p ;
Dimensiones 20cm.
490 0# - MENCIÓN DE SERIES
Mención de serie Moonshaes;
-- Reinos olvidados.
Volume/sequential designation 1
534 ## - NOTA SOBRE LA VERSIÓN ORIGINAL
Asiento principal del original Título original :
Mención del título original Darkwalker on moonshae
590 ## - NOTA LOCAL
Texto de la nota local Inventariado, 2023/VM
650 #4 - ENCABEZAMIENTO DE MATERIA--TEMÁTICO
Término temático o nombre geográfico como elemento de entrada Novela fantástica estadounidense
700 1# - ASIENTO SECUNDARIO -- NOMBRE PERSONAL
Nombre personal Ferrer Aleu, José
Mención de responsabilidad trad.
910 ## - VALIDACIÓN
Validación VMateo V. Control de calidad. BPMSU
942 ## - ADDED ENTRY ELEMENTS (KOHA)
Source of classification or shelving scheme Dewey Decimal Classification
Koha item type Libros
Existencias
Withdrawn status Lost status Source of classification or shelving scheme Damaged status Not for loan Collection code Home library Current library Date acquired Source of acquisition Total Checkouts Full call number Barcode Date last seen Copy number Price effective from Koha item type
    Dewey Decimal Classification     Colección Juvenil General Biblioteca Pública Metropolitana Salomé Ureña Biblioteca Pública Metropolitana Salomé Ureña 03/16/2016 Donación   BPMSU CGJ 813.5 N696p 1989 BPMSU16030126 03/16/2016 v.1 03/16/2016 Libros